Statistics for Top 15 Countries with Covid-19 Cases - 27 April 2022

Click here to take the quiz!

General Stats

  • This quiz has been taken 12 times
  • The average score is 15 of 29

Answer Stats

country% Correct
United Kingdom
100%
United States
100%
Brazil
83%
India
83%
Japan
83%
France
75%
Germany
75%
Italy
75%
Spain
75%
Russia
67%
Portugal
58%
Argentina
50%
Belgium
50%
Netherlands
50%
Netherlands
50%
South Korea
50%
Austria
42%
Denmark
42%
Turkey
42%
Estonia
33%
Israel
33%
Latvia
33%
Lithuania
33%
Slovenia
33%
Switzerland
33%
Vietnam
33%
Cyprus
17%
Czechia
17%
Georgia
8%

Score Distribution

Percentile by Number Answered

Percent of People with Each Score

Your Score History

You have not taken this quiz